Circuitos electrónicos : discretos e integrados
Gardado en:
| Autor Principal: | |
|---|---|
| Outros autores: | |
| Formato: | Libro |
| Idioma: | Spanish |
| Publicado: |
México : Alfaomega,
c1991.
|
| Materias: | |
| Etiquetas: |
Engadir etiqueta
Sen Etiquetas, Sexa o primeiro en etiquetar este rexistro!
|
MARC
| LEADER | 00000nam a2200000Ia 4500 | ||
|---|---|---|---|
| 003 | 000390 | ||
| 005 | 20221231143938.0 | ||
| 008 | 140114s1991 mx a 000 ||spa d | ||
| 040 | |c cru CEDI | ||
| 082 | |a 621.381.5 S356c | ||
| 100 | |a Schilling, Donald L. |9 19126 | ||
| 245 | |a Circuitos electrónicos : discretos e integrados | ||
| 260 | |a México : Alfaomega, |c c1991. | ||
| 300 | |a xx, 794 páginas : ilustraciones ; 23 cm | ||
| 500 | |a Titulo original: Electronic circuits. Discrete and integrated. | ||
| 610 | |x CIRCUITOS ELECTRONICOS |9 19129 | ||
| 700 | |9 19125 |a Belove, Charles | ||
| 942 | |2 ddc |c BK | ||
| 999 | |c 14604 |d 14604 | ||
